| 000 | 00559nam a2200205 u 4500 | ||
|---|---|---|---|
| 005 | 20210223131307.0 | ||
| 008 | 100524s2004 es r 000 0 spa d | ||
| 020 | _a8483167093 | ||
| 035 | _aUPN01000176086 | ||
| 049 | _aI | ||
| 050 | 4 |
_aBJ1857 C5 _bE8.2 2004 |
|
| 100 | 1 | _aEstradé, Sebastián | |
| 245 | 1 | 0 |
_aCon buena educación / _cSebastián Estradé. |
| 250 | _a2a ed. | ||
| 260 |
_aMadrid : _bCCS, _c2004. |
||
| 300 |
_a63 p. : _bil. |
||
| 440 | 3 |
_aLa zarza ardiente ; _v27 |
|
| 650 | 4 |
_aETIQUETA PARA NIÑOS Y JOVENES _916370 |
|
| 905 | _aInfantil | ||
| 999 |
_c148189 _d148189 |
||